Kiinan kaupunkeja kartalla - Statistics

Yleistilastot
  • Tätä visaa on pelattu 655 kertaa
  • Keskiarvotulos 7 / 13
Vastaukset kartalla
Vastauksille on annettu kartalla punavihreä väri sen mukaan, kuinka moni on saanut sen oikein.
 
Vastaustilastot
Vastaus % Oikein
Peking
85%
Shanghai
82%
Hongkong
74%
Ürümqi
61%
Kanton
58%
Lhasa
57%
Wuhan
57%
Nanjing
48%
Harbin
46%
Xi’an
44%
Chengdu
42%
Shenyang
38%
Chongqing
35%
Ehtoja vastaavia visoja ei löytynyt
Tulosjakauma
Jokaisen tuloksen saaneiden osuus
Persentiili vastausten määrän mukaan
Tuloshistoriasi
Et ole pelannut tätä visaa